Mechatronics : An integrated Approach
Salvato in:
| Autore principale: | |
|---|---|
| Natura: | Libro |
| Lingua: | inglese |
| Pubblicazione: |
Boca Raton :
CRC Press LLC,
2005
|
| Edizione: | 1. Edition |
| Soggetti: | |
| Tags: |
Nessun Tag, puoi essere il primo ad aggiungerne!!
|
MARC
| LEADER | 00000nam a22000003a 4500 | ||
|---|---|---|---|
| 001 | stu178656 | ||
| 005 | 20150617230047.2 | ||
| 008 | 090127s2005----xxu-----------------eng-d | ||
| 020 | |a 0-8493-1274-4 | ||
| 040 | |a STU |b slo | ||
| 041 | 0 | |a eng | |
| 044 | |a xxu | ||
| 080 | |a 621.01 | ||
| 080 | |a 621.3 |7 stu_us_auth*stu8325 | ||
| 080 | |a 004.8 | ||
| 100 | 1 | |a De Silva, Clarence W. |4 aut | |
| 245 | 1 | |a Mechatronics : |b An integrated Approach | |
| 250 | |a 1. Edition | ||
| 260 | |a Boca Raton : |b CRC Press LLC, |c 2005 | ||
| 300 | |a 1312 s | ||
| 650 | 7 | |a mechanika |2 stusub | |
| 650 | 7 | |a elektronika |2 stusub | |
| 650 | 7 | |a umelá inteligencia |2 stusub | |
| 996 | |b 284J034807 |c J*110607 |l JJK1 |s P |a 0 |w stu178656_0001 | ||